[Event "Gibraltar Masters 13th"]
[Site "Caleta"]
[Date "2015.01.28"]
[Round "2"]
[White "Daneri, Martin"]
[Black "Christophe Hayot, Romain"]
[Result "1-0"]
[WhiteElo "2123"]
[BlackElo "1793"]
[PlyCount "57"]
[EventDate "2015.01.27"]
[EventType "swiss"]
[EventRounds "10"]
[EventCountry "GGB"]
[SourceTitle "CBM 165"]
[Source "ChessBase"]
[SourceDate "2015.03.11"]
[SourceVersion "1"]
[SourceVersionDate "2015.03.11"]
[SourceQuality "1"]

1. d4 d5 2. Nf3 Nf6 3. Bf4 g6 4. Nc3 Bg7 5. e3 0-0 6. Be2 Bg4 7. Ne5 Bxe2 8. Qxe2 c6 9. h4 Nbd7 10. g4 Nxe5 11. Bxe5 Qd7 12. f3 Ne8 13. Bxg7 Kxg7 14. 0-0-0 f5 15. g5 Nd6 16. h5 Rh8 17. Rh4 Rae8 18. Rdh1 e6 19. Qh2 Nf7 20. hxg6 Nxg5 21. Qe5+ Kg8 22. Qg3 Qd8 23. f4 h5 24. fxg5 Kg7 25. Rxh5 Kxg6 26. Rh6+ Kf7 27. g6+ Ke7 28. Qh4+ Kd6 29. Qxd8+ 1-0

[Event "Gibraltar Masters 13th"]
[Site "Caleta"]
[Date "2015.01.27"]
[Round "1"]
[White "Christophe Hayot, Romain"]
[Black "Christiansen, Johan Sebastian"]
[Result "0-1"]
[WhiteElo "1793"]
[BlackElo "2354"]
[PlyCount "42"]
[EventDate "2015.01.27"]
[EventType "swiss"]
[EventRounds "10"]
[EventCountry "GGB"]
[SourceTitle "CBM 165"]
[Source "ChessBase"]
[SourceDate "2015.03.11"]
[SourceVersion "1"]
[SourceVersionDate "2015.03.11"]
[SourceQuality "1"]

1. Nf3 d5 2. d4 Nf6 3. g3 Bg4 4. Nbd2 Nbd7 5. Bg2 e6 6. 0-0 Be7 7. Re1 0-0 8. c4 c5 9. cxd5 Nxd5 10. a3 Rc8 11. dxc5 Nxc5 12. Ne5 Bh5 13. Ne4 Qb6 14. Nxc5 Bxc5 15. Nd3 Bd4 16. Qa4 Bg6 17. e4 Nf6 18. Be3 Rfd8 19. b4 Bxe3 20. Rxe3 Ng4 21. Rf3 Rxd3 0-1

[Event "Martinique op"]
[Site "Schoelcher"]
[Date "2014.04.12"]
[Round "1"]
[White "Christophe Hayot, Romain"]
[Black "Cornette, Matthieu"]
[Result "0-1"]
[WhiteElo "1824"]
[BlackElo "2538"]
[PlyCount "69"]
[EventDate "2014.04.12"]
[EventType "swiss"]
[EventRounds "9"]
[EventCountry "FRA"]
[SourceTitle "EXT 2015"]
[Source "ChessBase"]
[SourceDate "2014.11.20"]
[SourceVersion "1"]
[SourceVersionDate "2014.11.20"]
[SourceQuality "1"]

1. Nf3 Nf6 2. b3 g6 3. e3 Bg7 4. Bb2 d6 5. Bxf6 Bxf6 6. d4 0-0 7. Be2 Nd7 8. Nbd2 e5 9. dxe5 dxe5 10. Ne4 Bg7 11. 0-0 Qe7 12. c3 f5 13. Bc4+ Kh8 14. Ned2 e4 15. Nd4 Ne5 16. Rc1 a6 17. b4 Bd7 18. Re1 a5 19. a3 b6 20. f4 exf3 21. N4xf3 axb4 22. axb4 Bc6 23. Nxe5 Bxe5 24. Nf3 Bxf3 25. Qxf3 Qh4 26. Bd5 Bxh2+ 27. Kf1 Rad8 28. Ke2 g5 29. Bb3 Be5 30. Rh1 Qe4 31. Qh3 Qh4 32. Rhd1 Rxd1 33. Rxd1 Bxc3 34. Qf3 f4 35. exf4 0-1

[Event "Gibraltar Masters 12th"]
[Site "Caleta"]
[Date "2014.01.30"]
[Round "3"]
[White "Stewart, Ashley"]
[Black "Christophe Hayot, Romain"]
[Result "1-0"]
[WhiteElo "2037"]
[BlackElo "1841"]
[PlyCount "111"]
[EventDate "2014.01.28"]
[EventType "swiss"]
[EventRounds "10"]
[EventCountry "GGB"]
[SourceTitle "CBM 159"]
[Source "ChessBase"]
[SourceDate "2014.03.17"]
[SourceVersion "1"]
[SourceVersionDate "2014.03.17"]
[SourceQuality "1"]

1. d4 Nf6 2. Nf3 b6 3. g3 Ba6 4. Bg2 c6 5. 0-0 e6 6. Re1 d6 7. e4 Be7 8. e5 dxe5 9. Nxe5 Bb7 10. b3 0-0 11. Bb2 Nbd7 12. Nxd7 Nxd7 13. c4 Bf6 14. Nc3 Be7 15. d5 cxd5 16. cxd5 exd5 17. Nxd5 Bxd5 18. Qxd5 Rc8 19. Rad1 Bf6 20. Bxf6 Nxf6 21. Qxd8 Rfxd8 22. Bb7 Rxd1 23. Rxd1 Re8 24. Bc6 Rc8 25. b4 Kf8 26. b5 Ke7 27. Rd4 g5 28. h3 Rc7 29. Kg2 Ke6 30. Rd8 Ke7 31. Ra8 Kd6 32. f4 gxf4 33. gxf4 Kc5 34. Rd8 a6 35. a4 axb5 36. axb5 Ra7 37. Rd3 Ra4 38. Kf3 Ra1 39. Re3 Rf1+ 40. Kg3 Nh5+ 41. Kg2 Rxf4 42. Re5+ Kd4 43. Rxh5 Ke3 44. Rxh7 Rf2+ 45. Kg3 Rf1 46. h4 Rg1+ 47. Bg2 f5 48. Re7+ Kd4 49. h5 f4+ 50. Kf3 Rb1 51. Re4+ Kc3 52. Re5 Kd4 53. Rg5 Rb3+ 54. Kxf4 Rb2 55. h6 Rf2+ 56. Bf3 1-0

[Event "Gibraltar Masters 12th"]
[Site "Caleta"]
[Date "2014.01.29"]
[Round "2"]
[White "Lercel, Michal"]
[Black "Christophe Hayot, Romain"]
[Result "1-0"]
[WhiteElo "2150"]
[BlackElo "1841"]
[PlyCount "91"]
[EventDate "2014.01.28"]
[EventType "swiss"]
[EventRounds "10"]
[EventCountry "GGB"]
[SourceTitle "CBM 159"]
[Source "ChessBase"]
[SourceDate "2014.03.17"]
[SourceVersion "1"]
[SourceVersionDate "2014.03.17"]
[SourceQuality "1"]

1. e4 d5 2. exd5 Nf6 3. d4 Nxd5 4. c4 Nb6 5. Nc3 c6 6. h3 g6 7. Nf3 Bg7 8. Be2 0-0 9. 0-0 N8d7 10. Be3 Nf6 11. Qb3 Be6 12. a4 a5 13. d5 Nbxd5 14. cxd5 cxd5 15. Bd4 Bh6 16. Bxf6 exf6 17. Nd4 Qd6 18. Rad1 Qb4 19. Bf3 Rfd8 20. Nxd5 Bxd5 21. Bxd5 Rd7 22. Qxb4 axb4 23. Bb3 Rad8 24. Nb5 b6 25. Rxd7 Rxd7 26. Rd1 Rxd1+ 27. Bxd1 Bc1 28. b3 Bb2 29. Kf1 Kf8 30. Ke2 Ke7 31. Kd3 Bc1 32. Kc4 Bd2 33. Nd4 Kd6 34. Nc2 f5 35. Nxb4 Be1 36. Nd3 Bd2 37. Bf3 g5 38. Kb5 Kc7 39. Nb4 Be1 40. Nd5+ Kd6 41. Nxb6 Bxf2 42. a5 Kc7 43. Na4 Kd6 44. a6 Kc7 45. Nc5 Kb8 46. Kb6 1-0